Szczegóły MARC21

Efektywne zarządzanie projektami : tradycyjne, zwinne, ekstremalne /

003 -Nazwa inst., której nr kontr. jest w polu 001 [,]
    • @
    • Nazwa instytucji, której n kontrolny jest w polu 001
    • NUKAT
005 -DATA I CZAS OSTATNIEJ MODYFIKACJI [,]
    • @
    • pole kontrolne
    • 20241231105518.0
020 -Międzynarod. znormalizowany nr książki - ISBN [ , ]
    • a
    • Numer ISBN
    • 9788324639069 Find
040 -Instytucja sporządzająca opis [ , ]
    • a
    • Instytucja, która sporządziła opis (NP)
    • LUBL KUL/me
    • b
    • Język katalogowania
    • pol
    • e
    • Zasady katalogowania
    • rda
    • c
    • Instytucja, która sporządziła rekord (NP)
    • LUBL KUL/me
    • d
    • Instytucja, która zmodyfikowała rekord (P)
    • LUBL KUL/JP
    • d
    • Instytucja, która zmodyfikowała rekord (P)
    • GL 001/EZN
    • d
    • Instytucja, która zmodyfikowała rekord (P)
    • GL 001/FAK
041 -Język dokumentu [1, ]
    • a
    • Język tekstu (P)
    • polski
    • h
    • Język tekstu oryginalnego i/lub pośredniego (P)
    • angielski
942 -Rodzaj dokumentu [ , ]
    • c
    • Rodzaj dokumentu
    • Książka
100 -Hasło główne - nazwa osobowa [1, ]
    • a
    • Nazwa osobowa (NP)
    • Wysocki, Robert K.
    • d
    • Daty biograficzne (NP)
    • (1941- ).
    • e
    • Rodzaj współpracy
    • Autor
    • 9
    • KHW
    • 62279
240 -Tytuł ujednolicony [1,0]
    • a
    • Tytuł ujednolicony
    • Effective project management
    • l
    • Język tekstu
    • (pol.)
    • 9
    • KHW
    • 62281
245 -Strefa tytułu i oznaczenia odpowiedzialności [1,0]
    • a
    • Tytuł
    • Efektywne zarządzanie projektami : Find
    • b
    • Ciąg dalszy tytułu (NP)
    • tradycyjne, zwinne, ekstremalne / Find
    • c
    • Pozostałe elementy strefy tytułu i oznaczenia odpowiedzialności (NP)
    • Robert K. Wysocki ; tłumaczenie: Magda Witkowska.
260 -Strefa adresu wydawniczego [ , ]
    • a
    • Miejsce wydania (P)
    • Gliwice :
    • b
    • Nazwa wydawcy (P)
    • "Helion",
    • c
    • Data wydania (P)
    • copyright © 2013.
300 -Strefa opisu fizycznego [ , ]
    • a
    • Określenie formy książki i/lub objętość (NP)
    • 826 stron :
    • b
    • Oznaczenie ilustracji (NP)
    • ilustracje ;
    • c
    • Format (NP)
    • 25 cm.
336 -Typ zawartości [ , ]
    • a
    • Termin opisujący typ zawartości
    • Tekst
    • b
    • Kod określający zawartość
    • txt
    • 2
    • Źródło (terminu i kodu)
    • rdacontent
337 -Typ mediów [ , ]
    • a
    • Tryb odtwarzania
    • Bez urządzenia pośredniczącego
    • b
    • Kod typu mediów
    • n
    • 2
    • Źródło (terminu i kodu)
    • rdamedia
338 -Typ/rodzaj nośnika [ , ]
    • a
    • Hasło opisujące typ nośnika
    • Wolumin
    • b
    • Kod typu nośnika
    • nc
    • 2
    • Źródło (terminu i kodu)
    • rdacarrier
490 -Strefa serii i książki wielotomowej - forma nie do wyszukiwania [1, ]
    • a
    • Tytuł (P)
    • Onepress Exclusive Find
830 -Hasło dodatkowe serii i opisu książki wielotomowej - tytuł ujednolicony/tytuł [ ,0]
    • a
    • Tytuł ujednolicony/tytuł (NP)
    • Onepress Exclusive
    • 9
    • KHW
    • 9460
500 -Uwaga ogólna [ , ]
    • a
    • Uwaga ogólna (NP)
    • Na stronie tytułowej i okładce: Wydanie 6. Oznaczenie wynika z dosłownego przekładu oryginału z zachowaniem szaty graficznej i jej oznaczeń.
500 -Uwaga ogólna [ , ]
    • a
    • Uwaga ogólna (NP)
    • Tłumaczenie z wykorzystaniem fragmentów książki "Efektywne zarządzanie projektami. Wydanie III" w tłumaczeniu Tomasza Rzychonia i Michała Szolca.
504 -Uwaga dot. bibliogr. załącznikowej [ , ]
    • a
    • Uwaga dot. bibliografii załącznikowej
    • Bibliografia na stronach 803-810. Indeks.
080 -Uniwersalna Klasyfikacja Dziesiętna [ , ]
    • 2
    • Identyfikator wydania tablic
    • UDC-P058
    • 9
    • UKD
    • 2219
    • a
    • Symbol klasyfikacji
    • 005.8
    • b
    • Dopowiedzenie
    • Zarządzanie. Zarządzanie projektem.
    • 4
    • UKD2
    • 7665
    • x
    • Poddział wspólny
    • (075.8)
    • c
    • Dopowiedzenie poddz. wspólnego
    • (Podręczniki dla szkół wyższych. Skrypty).
080 -Uniwersalna Klasyfikacja Dziesiętna [ , ]
    • 2
    • Identyfikator wydania tablic
    • UDC-P058
    • 9
    • UKD
    • 5602
    • a
    • Symbol klasyfikacji
    • 658.1/.5:005.2
    • b
    • Dopowiedzenie
    • Zarządzanie strategiczne przedsiębiorstwa.
    • 4
    • UKD2
    • 7665
    • x
    • Poddział wspólny
    • (075.8)
    • c
    • Dopowiedzenie poddz. wspólnego
    • (Podręczniki dla szkół wyższych. Skrypty).
650 -Hasło przedmiotowe [ ,7]
    • a
    • Hasło przedmiotowe
    • Zarządzanie projektami.
    • 2
    • Źródło terminu
    • kaba
    • 9
    • KHW
    • 137515
980 -Symbol UKD [ , ]
    • a
    • UKD
    • 005.8:658.1/.5:005.2](075.8)
700 -Hasło dodatkowe - nazwa osobowa [1, ]
    • a
    • Nazwa osobowa (NP)
    • Witkowska, Magda. Find
    • e
    • Określenie rodzaju współpracy
    • Tłumaczenie
    • 9
    • KHW
    • 26276
710 -Hasło dodatkowe - nazwa ciała zbiorowego [2, ]
    • a
    • Nazwa ciała zbiorowego lub nazwa geograficzna jako pierwszy element (NP)
    • Grupa Wydawnicza Helion.
    • e
    • Rodzaj współpracy
    • Wydawca
    • 4
    • Kod relacji
    • pbl
    • 9
    • KHW
    • 51611
856 -Dostęp do wersji elektronicznej [4,8]
    • 3
    • Wyszczególnienie materiału
    • Okładka
920 -ISBN [ , ]
    • a
    • ISBN
    • 978-83-246-3906-9 Find
Data inwentaryzacji Lokalizacja Status udost. Numer inwentarzowy Sygnatura
2013-10-08BE-2E.74784 
2023-05-22BE-2S.98240 
2023-05-22BE-2S.98241 
2015-09-25T-3TM.12663TM.12663
2015-09-25T-3TM.12664TM.12664
2015-09-25T-3TM.12665TM.12665
2015-09-25T-3TM.12666TM.12666
2015-09-25T-3TM.12667TM.12667
2015-09-25T-3TM.12668TM.12668
2015-09-25T-3TM.12669TM.12669
2015-09-25T-3TM.12670TM.12670
2015-09-25T-3TM.12671TM.12671
2015-09-25T-3TM.12672TM.12672
2015-09-25T-3TM.12673TM.12673
2015-09-25T-3TM.12674TM.12674
2015-09-25T-3TM.12675TM.12675
2015-09-25T-3TM.12676TM.12676
2015-09-25T-3TM.12677TM.12677
2015-09-25T-3TM.12678TM.12678
2015-09-25T-3TM.12679TM.12679
2015-09-25T-3TM.12680TM.12680
2013-12-11T-2T.14031T.14301
2013-12-11T-2TM.9808TM.9808
2013-12-11T-3TM.9809TM.9809
2013-12-11T-3TM.9810TM.9810
2013-12-11T-3TM.9811TM.9811
2013-12-11T-3TM.9812TM.9812
2013-12-11T-3TM.9813TM.9813
2013-12-11T-3TM.9814TM.9814
2013-12-11T-3TM.9815TM.9815
2013-12-11T-3TM.9816TM.9816